000 00425nam a2200181Ia 4500
001 4036
005 20260306145726.0
008 260306t2013||||xx |||||||||||||| ||spa||
041 _aESP
082 _a306.85
_bB61
100 _aBlanco, Pablo
_eAUT
245 0 _aBenedicto XVI habla sobre la familia
260 _c2013
300 _a194 páginas :
_c22 cm.
650 _aGEN
654 _aCHU
942 _cLIB
_dJUS
_fJUS
_2ddc
_n
999 _c4036
_d4036